Image processing using pulse-coupled neural networks

Αποθηκεύτηκε σε:
Λεπτομέρειες βιβλιογραφικής εγγραφής
Κύριος συγγραφέας: Lindblad, Thomas
Άλλοι συγγραφείς: Kinser, Jason M. 1962-
Μορφή: Βιβλίο
Γλώσσα:English
Δημοσίευση: London : Springer, c1998
Σειρά:Perspectives in neural computing
Θέματα:
Ετικέτες: Προσθήκη ετικέτας
Δεν υπάρχουν, Καταχωρήστε ετικέτα πρώτοι!

MARC

LEADER 00000nam a2200000 i 4500
001 1/12881
008 001101s1998 eng d
020 |a 3-540-76264-7 
035 |l 10064386 
040 |a GR-MY-UA  |b gre  |e aacr 
041 0 |a eng 
082 0 |a 621.367  |2 (21) 
100 1 |a Lindblad, Thomas. 
245 1 0 |a Image processing using pulse-coupled neural networks /  |c Thomas Lindblad and Jason M. Kinser 
260 |a London :   |b Springer,   |c c1998 
300 |a ix, 152 p.;  |b ill.;  |c 24 cm. 
490 1 |a Perspectives in neural computing 
504 |a Includes bibliographical references and index 
650 0 0 |a Image processing. 
650 0 0 |a Neural networks (Computer science) 
700 1 |a Kinser, Jason M.  |d 1962- 
830 0 |a Perspectives in neural computing 
852 |a INST  |b SAMOS  |e 20001101  |h 621.367 LIN  |p 005300018690  |q 005300018690  |t BK  |y 0 
852 |a INST  |b SAMOS  |e 20001101  |h 621.367 LIN  |p 005300018691  |q 005300018691  |t BK  |y 23 
852 |a INST  |b SYROS  |e 20001101  |h 621.367 LIN  |p 005500000446  |q 005500000446  |t BK  |y 0 
901 |a BIBL3-2000-3 
909 |a Σ  |b 079790 
909 |a Σ  |b 079791 
909 |a Ε  |b 079792 
922 |a 3ΕΛΗ  |b 200002  |c ΤΠΕΣ/ΠΟΛ  |d LEADER 
922 |a 5ΕΛΗ  |b 200002  |c ΤΠΕΣ/ΠΟΛ  |d LEADER 
970 |a ΜΑΛΑΓΑΡΗ  |b ΦΩΤΕΙΝΗ  |z 2000/11/1